Ophthalmology : (Record no. 115064)

MARC details
000 -LEADER
fixed length control field 00768cam a22002654a 4500
008 - FIXED-LENGTH DATA ELEMENTS--GENERAL INFORMATION
fixed length control field
020 ## - INTERNATIONAL STANDARD BOOK NUMBER
International Standard Book Number 0443055378 (pbk.)
049 ## - LOCAL HOLDINGS (OCLC)
Holding library MAIN
050 00 - LIBRARY OF CONGRESS CALL NUMBER
Classification number RE46
Item number BAT
003 - CONTROL NUMBER IDENTIFIER
control field
005 - DATE AND TIME OF LATEST TRANSACTION
control field 20230120204002.0
040 ## - CATALOGING SOURCE
Transcribing agency NUST
100 1# - MAIN ENTRY--PERSONAL NAME
Personal name Batterbury, Mark.
245 10 - TITLE STATEMENT
Title Ophthalmology :
Remainder of title an illustrated colour text /
Statement of responsibility, etc. Mark Batterbury, Brad Bowling.
260 ## - PUBLICATION, DISTRIBUTION, ETC.
Place of publication, distribution, etc. Edinburgh :
Name of publisher, distributor, etc. Churchill Livingstone,
Date of publication, distribution, etc. 1999.
300 ## - PHYSICAL DESCRIPTION
Extent vii, 111 p. :
Other physical details col. ill. ;
Dimensions 30 cm.
500 ## - GENERAL NOTE
General note Includes index.
650 #0 - SUBJECT ADDED ENTRY--TOPICAL TERM
Topical term or geographic name entry element Ophthalmology.
650 #0 - SUBJECT ADDED ENTRY--TOPICAL TERM
Topical term or geographic name entry element Eye
General subdivision Diseases.
650 12 - SUBJECT ADDED ENTRY--TOPICAL TERM
Topical term or geographic name entry element Ophthalmology
Form subdivision Atlases.
650 22 - SUBJECT ADDED ENTRY--TOPICAL TERM
Topical term or geographic name entry element Eye Diseases
Form subdivision Atlases.
700 1# - ADDED ENTRY--PERSONAL NAME
Personal name Bowling, Brad.
907 ## - LOCAL DATA ELEMENT G, LDG (RLIN)
a .b10255837
b 03-06-13
c 14-05-08
942 ## - ADDED ENTRY ELEMENTS (KOHA)
Koha item type Ordinary Loan Books
Holdings
Date last seen Total Checkouts Full call number Barcode Cost, replacement price Price effective from Koha item type Lost status Source of classification or shelving scheme Damaged status Not for loan Collection Withdrawn status Home library Current library Shelving location Date acquired Cost, normal purchase price
01/20/2023 2 RE46 BAT 92004007427 80.00 01/20/2023 BOOKS   LCC     NFIC   MEDICAL MEDICAL GEN 01/20/2023 80.00